عرض عادي
عرض مارك
- Palmer, Adrian.
مدخل إسم شخص
001 - رقم الضبط
- حقل الضبط: 49807
003 - معرف رقم الضبط
- حقل الضبط: OSt
005 - تاريخ ووقت أخر عملية
- حقل الضبط: 20150729023421.0
008 - عناصر بيانات ثابتة الطول
- حقل تحكم ثابت الطول: 150729|| aca||aabn | a|a d
040 ## - مصدر الفهرسة
- هيئة الفهرسة الأصلية: OSt
- وكالة الكتابة: OSt
100 ## - مدخل -- أسم شخص
- إسم شخص: Palmer, Adrian.
670 ## - بيانات المصدر موجوده
- الاستشهاد بالمصدر: Work cat.: (OSt)0: Palmer, Adrian., Principles of services marketing /, 2014.
